000 00291nam a22001337a 4500
008 190306b xxu||||| |||| 00| 0 eng d
020 _a9780321576576
041 _aeng
080 _a615.83
100 _a8
101 _aEGZ
245 _aGet fit, stay well!
_cHopson,J.L
942 _2udc
_cBK
999 _c54608
_d54608